| 000 | 00516nam a22001937a 4500 | ||
|---|---|---|---|
| 003 | MPLRDC | ||
| 005 | 20220104202248.0 | ||
| 008 | 210129b ||||| |||| 00| 0 eng d | ||
| 020 | _a978-7-80173-756-4 | ||
| 082 | _a947.415 TLY | ||
| 100 | _a涂老鸦 著/绘 | ||
| 245 |
_a小老爷们儿那点事儿 _c |
||
| 250 | _a初版一刷 | ||
| 260 |
_a中国 _b国际文化出版公司 _c2008 |
||
| 300 | _b平 | ||
| 520 | _a上架 2017-11-01。 | ||
| 650 | _a漫画--多格,多单元 | ||
| 942 |
_cBK _o947.415 TLY |
||
| 999 |
_c67560 _d67550 |
||